K-pop mvs 2025 - Statistics

General Stats
  • This quiz has been taken 212 times
    8 since last reset
  • The average score is 31 of 85
Answer Stats
Picture Answer % Correct
Golden
100%
Soda Pop
86%
How Its Done
71%
Psycho
71%
Takedown
71%
Ceremony
57%
Dirty Work
57%
Do It
57%
Extra
57%
ExtraL
57%
Gabriela
57%
Gameboy
57%
Gnarly
57%
Hands Up
57%
Hot
57%
Hot Sauce
57%
Jump
57%
Not Cute Anymore
57%
Not Cute Anymore
57%
Rich Man
57%
This is For
57%
Tunnel Vision
57%
Your Idol
57%
Zen
57%
Air
43%
Attitude
43%
Blue Valentine
43%
Born Again
43%
Come Over
43%
Divine
43%
Do the Dance
43%
Earthquake
43%
Escape
43%
Good Thing
43%
Jellyous
43%
Like Jennie
43%
One More Time
43%
Rebel Heart
43%
Spaghetti
43%
Bebe
29%
Blind Eyes Red
29%
Blink
29%
Bubble Gum
29%
Burnin' Tires
29%
Cinema
29%
Closer
29%
Commas
29%
Famous
29%
Freeze
29%
Girlfriend
29%
Handlebars
29%
Her
29%
I Do Me
29%
Know About Me
29%
Lemon Drop
29%
Lips, Hips, Kiss
29%
Look At Me
29%
Mama Said
29%
The Chase
29%
Tilt
29%
Truman
29%
We Go Up
29%
What It Sounds Like
29%
96ers
14%
Baby, Not Baby
14%
Bad Desire
14%
Baditude
14%
Beep
14%
BTG
14%
Burning Up
14%
CBZ
14%
Drop Top
14%
Girls will be Girls
14%
Glow Up
14%
La La Love Me
14%
Love Hangover
14%
Mamma Mia
14%
Python
14%
Rock & Roll
14%
Sign
14%
Thriller
14%
Thunder
14%
Umm Great
14%
XOXZ
14%
Hollow
0%
No matching quizzes found
Score Distribution
Percent of People with Each Score
Percentile by Number Answered
Your Score History
You have not taken this quiz since the last reset